Statistics for Biggest World Cities by Letter - Y

Click here to take the quiz!

General Stats

  • This quiz has been taken 919 times
    (469 since last reset)
  • The average score is 4 of 13

Answer Stats

Country Population City % Correct
Armenia1.49 milYerevan
93%
Cameroon3.30 milYaoundé
84%
Myanmar5.50 milYangon
73%
Russia1.65 milYekaterinburg
64%
China1.89 milYangzhou
22%
Indonesia1.92 milYogyakarta
21%
China2.15 milYantai
15%
China1.50 milYinchuan
13%
China1.36 milYichang
12%
China1.41 milYancheng
10%
China1.62 milYiwu
10%
China1.02 milYingkou
8%
China1.06 milYibin
7%

Score Distribution

Percentile by Number Answered

Percent of People with Each Score

Your Score History

You have not taken this quiz since the last reset